| 000 | 00672nam a2200253 a 4500 | ||
|---|---|---|---|
| 999 |
_c2915 _d2915 |
||
| 006 | a||||gr|||| 001 0 | ||
| 007 | ta | ||
| 008 | 240325t2014 xxka gr 001 0 eng|d | ||
| 020 |
_a9781446256626 (pbk) _c£ 51.00 |
||
| 040 |
_aKO _beng |
||
| 041 | 0 | _aeng | |
| 044 | _axxk | ||
| 082 | 0 | 4 |
_a658.3124 _bM1795 _223 |
| 100 | 1 | _aMcGuire, David | |
| 245 | 1 | 0 |
_aHuman resource development / _cDavid McGuire |
| 250 | _a2nd ed. | ||
| 260 |
_aLondon : _bSage Publications Ltd, _c2014 |
||
| 300 |
_axxiii, 326 pages : _bill. ; _c23 cm |
||
| 650 | 0 |
_aManpower planning _vTextbooks |
|
| 650 | 0 |
_aPersonnel management _vTextbooks |
|
| 904 | _aA_BOSE | ||
| 942 | _cBK | ||